000 00453nam a2200193Ia 4500
008 240509s9999 xx 000 0 und d
020 _a0001556230074
041 _aEng
082 _a332
082 _bR57
100 _aROSE,PETER S.
245 4 _aTHE FINANCIAL SYSTEM IN THE ECONOMY
260 _bTEXAS BUSINESS PUBLICATION
260 _c1986
300 _a875 p.
650 _aFINANTIAL ECONOMYCS:ECONOMICS
942 _2ddc
942 _cLBK
999 _c22856
_d22856
945 _a1
_bMadushi Gamage
_c1
_dMadushi Gamage